县级行政区接壤地图#27 个旧市 Gejiu Bordering Map - Statistics

General Stats
  • This quiz has been taken 6 times
  • The average score is 6 of 7
Answers on the Map
Answers color-coded by a green-red scale on the quiz's map according to % correct below.
 
Answer Stats
% Correct
蒙自市
100%
开远市
100%
建水县
100%
元阳县
100%
河口瑶族自治县
83%
金平苗族瑶族傣族自治县
83%
屏边苗族自治县
50%
No matching quizzes found
Score Distribution
Percent of People with Each Score
Percentile by Number Answered
Your Score History
You have not taken this quiz